000 00415nam a2200157Ia 4500
005 20251020182554.0
008 200515s9999 xx 000 0 und d
082 _aR/69(03)/E24-CEP/II
110 _aEditores Técnicos Asociados
245 0 _aEnciclopedia de la Construcción: Cálculos y ensayos de los proyectos III
260 _aBarcelona
260 _c1982
300 _a1380
650 _aLIB
942 _cLIB
999 _c2825
_d2825